Festa - Homenatge a les lletres i música catalanes
Publicado:
San Jorge, núm. 101 - 102 (setembre 1977), pàg 89 :
MARC
| LEADER | 00000nam a2200000Ia 4500 | ||
|---|---|---|---|
| 001 | |||
| 008 | 160829s9999 xx 000 0 cat d | ||
| 245 | |a Festa - Homenatge a les lletres i música catalanes | ||
| 260 | |a San Jorge, núm. 101 - 102 (setembre 1977), pàg 89 | ||
| 600 | 1 | 0 | |a Oliver, Joan, |d 1899-1986 |9 27030 |
| 650 | |a Orfeó Atlàntida |9 42908 | ||
| 650 | 0 | |a Música |x Catalunya |9 30317 | |
| 650 | |a Literatura catalana |9 42910 | ||
| 650 | 0 | |a Homenatges |9 21383 | |
| 901 | |a Arxiu | ||
| 942 | |n 1 | ||
| 952 | |0 0 |1 0 |4 0 |7 1 |9 51085 |a Arxiu |b Arxiu |d 2016-12-01 |l 0 |r 2016-12-01 00:00:00 |w 2016-12-01 |y ARXIU | ||
| 999 | |c 54928 |d 54928 | ||